000 01101cab a2200193 4500
001 L130907
008 050916n2005 000 0 eng u
035 _a(Sirsi) u130907
041 0 _aeng
100 1 _aWinter, Jeremy
245 0 2 _aA question of judgement
260 _c2005
490 0 _aConstruction News
_v(6933) 8 September 2005, 35(1)
520 _aDiscusses the outcome of the case "Wimbledon Construction 2000 Ltd v Vago" ([2005] EWHC 1086 (TCC), L130541) which considered whether the decision of an adjudicator might not be enforced by the court where the successful party was shown to be in financial difficulties. The case provides guidance on dealing with a situation where a stay of execution should be given in the event of uncertainty about the successful party's financial position.
650 2 4 _aWIMBLEDON CONSTRUCTION CO 2000 LTD V VAGO
650 2 4 _aBOUYGUES UK LTD V DAHL-JENSEN UK LTD
690 _aMANAGEMENT-DISPUTE AVOIDANCE, MANAGEMENT AND RESOLUTION-DISPUTE MANAGEMENT AND RESOLUTION-ALTERNATIVE DISPUTE RESOLUTION-ADJUDICATION-ADJUDICATION AGREEMENTS
942 _n0
999 _c75873
_d75873